Quarterbacks with the most Super Bowl wins - Statistics

General Stats
  • This quiz has been taken 385 times
  • The average score is 8 of 12
Answer Stats
Super Bowls Won Answer % Correct
4 Tom Brady
100%
4 Joe Montana
90%
2 Eli Manning
86%
2 Peyton Manning
86%
4 Terry Bradshaw
75%
3 Troy Aikman
70%
2 John Elway
67%
2 Bart Starr
60%
2 Ben Roethlisberger
60%
2 Roger Staubach
54%
2 Bob Griese
41%
2 Jim Plunkett
33%
No matching quizzes found
Score Distribution
Percent of People with Each Score
Percentile by Number Answered
Your Score History
You have not taken this quiz